Odgadnij piłkarza po fryzurze! - Statystyki

Ogólne statystyki
  • Ten quiz został rozwiązany 235 razy
  • Średni wynik to 11 z 12
Statystyki odpowiedzi
Obrazkowy Odpowiedź % Poprawnych
Robert Lewandowski
100%
Cristiano Ronaldo
98%
Leo Messi
98%
Neymar
98%
Mohamed Salah
91%
Karim Benzema
90%
Zlatan Ibrahimović
89%
Pepe
86%
Ronaldo Nazario
81%
Zinedine Zidane
79%
Ngolo Kante
77%
Petr Cech
76%
Nie znaleziono quizów pasujących do podanych kryteriów
Rozkład punktacji
Procent ludzi z każdym wynikiem
Percentyl według liczby udzielonych odpowiedzi
Twoja historia wyników
Nie rozwiązałeś tego quizu